Best football player by country(Europe) - Statistics

General Stats
  • This quiz has been taken 119 times
    54 since last reset
  • The average score is 10 of 28
Answer Stats
Country Player % Correct
France Kylian Mbappe
98%
England Harry Kane
93%
Belgium Kevin De Bruyne
59%
Sweden Alexander Isak
57%
Poland Robert Lewandowski
57%
Norway Erling Haaland
55%
Germany Joshua Kimmich
50%
Portugal Bruno Fernandes
43%
Hungary Dominik Szoboszlai
43%
Spain Pedri
43%
Netherlands Virgil Van dijk
43%
Austria David Alaba
41%
Bosnia and Herzegovina Edin Dzeko
41%
Scotland Scott Mctominay
41%
Turkey Arda Guler
36%
Croatia Josko Gvardiol
36%
Switzerland Granit Xhaka
34%
Slovenia Jan Oblak
32%
Serbia Dusan Vlahovic
30%
Czech Republic Patrick Schick
23%
Denmark Rasmus Hojlund
16%
Italy Gianluigi Donnaruma
11%
Ireland Coahim Kelleher
9%
Wales Daniel James
7%
Slovakia Milan Skriniar
7%
Romania Radu Dragusin
7%
Ukraine Illia Zabarniyi
2%
Greece Konstantinos Mavrapanos
2%
No matching quizzes found
Score Distribution
Percent of People with Each Score
Percentile by Number Answered
Your Score History
You have not taken this quiz since the last reset